000 00730nam a2200289Ia 4500
005 20260324135928.0
008 008 260324s9999 xx 000 0 eng d
020 _a9781003063735
037 _aEBOOK
040 _aCRL
040 _beng
040 _cCRL
041 _2eng
041 _aeng
084 _qCRL
100 _aLucille Rosengarten
_91202465
245 0 _aSocial Work in Geriatric Home Health Care
245 4 _bThe Blending of Traditional Practice with Cooperative Strategies
260 _bTaylor and Francis
260 _c1999
365 _a
365 _b165
856 _uhttp://www.taylorfrancis.com/books/9781003063735
942 _cEBOOK
999 _c1804021
_d1804021